Diputación Provincial de Barcelona : estado de necesidades previstas para el período 1967-71 y problemas que plantea su financiación estado de necesidades previstas para el período 1967-71 y problemas que plantea su financiación
Descripción Física:
81 p. : il., 1 map. pleg.
MARC
| LEADER | 00000nam a2200000Ia 4500 | ||
|---|---|---|---|
| 001 | 11183 | ||
| 008 | 160829s1966 xx 000 0 cat d | ||
| 080 | |a M-1-187 | ||
| 110 | 1 | |a Barcelona (Catalunya : Província). |b Diputació |9 52408 | |
| 245 | |a Diputación Provincial de Barcelona : |b estado de necesidades previstas para el período 1967-71 y problemas que plantea su financiación | ||
| 260 | |a Barcelona : |b (Imp. Casa Caridad), |c 1966 | ||
| 300 | |a 81 p. : |b il., 1 map. pleg. | ||
| 590 | |a Conté un mapa de carreteres i camins de la Provincia de Barcelona (red de vies provincials). | ||
| 590 | |a Hi ha un altre exemplar a: R-603, exp. 188 | ||
| 610 | 1 | 0 | |a Barcelona (Catalunya : Província). |b Diputació |x Assignacions pressupostàries i despeses |9 53789 |
| 901 | |a Arxiu | ||
| 942 | |n 1 | ||
| 952 | |0 0 |1 0 |4 0 |6 M1187 |7 1 |9 54578 |a Arxiu |b Arxiu |d 2016-12-01 |l 0 |o M-1-187 |p 11183 |r 2016-12-01 00:00:00 |w 2016-12-01 |y ARXIU | ||
| 999 | |c 58447 |d 58447 | ||